00461nam a2200181Ia 4500008004100000041000800041082001900049100003700068245004900105250000900154260005700163300000900220365000700229500001400236501000800250520000700258650001400265230725s2021 xx 000 0 und d aeng a615.4bADE/AMI aADEBOYE ADEJARE, AMIN PURNIMA D. aREMINGTON THE SCIENCE & PRACTICE OF PHARMACY a23RD aU.K.bACADEMIC PRESS IN AN IMPRINT OF ELSEVIERc2021 a1000 h10 aREFERENCE aREF aHB aREFERENCE